Introduction to transportation engineering (Record no. 2610)

000 -LEADER
fixed length control field 00540nam a22002054a 4500
001 - CONTROL NUMBER
control field 2610
003 - CONTROL NUMBER IDENTIFIER
control field BD-DhUET
008 - FIXED-LENGTH DATA ELEMENTS--GENERAL INFORMATION
fixed length control field 010314s2002 maua b 001 0 eng
020 ## - INTERNATIONAL STANDARD BOOK NUMBER
International Standard Book Number 9780070702462
040 ## - CATALOGING SOURCE
Original cataloging agency DLC
Transcribing agency DLC
Modifying agency BD-DhUET
082 00 - DEWEY DECIMAL CLASSIFICATION NUMBER
Classification number 625
Item number BAN/2002
100 1# - MAIN ENTRY--PERSONAL NAME
Personal name Banks, James H.
245 10 - TITLE STATEMENT
Title Introduction to transportation engineering
250 ## - EDITION STATEMENT
Edition statement 2nd ed.
260 ## - PUBLICATION, DISTRIBUTION, ETC. (IMPRINT)
Place of publication, distribution, etc. Boston
Name of publisher, distributor, etc. McGraw-Hill
Date of publication, distribution, etc. 2002
300 ## - PHYSICAL DESCRIPTION
Extent ix, 502p.
Other physical details ill.
Dimensions 24 cm.
504 ## - BIBLIOGRAPHY, ETC. NOTE
Bibliography, etc Includes bibliographies
650 #0 - SUBJECT ADDED ENTRY--TOPICAL TERM
Topical term or geographic name as entry element Transportation engineering
942 ## - ADDED ENTRY ELEMENTS (KOHA)
Koha item type General Book
Holdings
Location (home branch) Shelving location Copy number Price effective from Not for loan Source of classification or shelving scheme Lost status Koha issues (times borrowed) Sublocation or collection (holding branch) Date acquired Koha date last seen Withdrawn status Koha normalized classification for sorting Koha out on loan Koha date last borrowed Koha full call number Piece designation (barcode) Source of acquisition Koha item type Damaged status
Central Library, BUETCirculation section12014-09-28   1Central Library, BUET2014-09-282016-04-10 625BAN20022017-04-102016-04-10625/BAN/2002112833 General Book 
Central Library, BUETCirculation section22014-09-28    Central Library, BUET2014-09-282014-09-28 625BAN2002  625/BAN/2002112989 General Book 
Central Library, BUETCirculation section32015-09-12    Central Library, BUET2015-06-132015-09-12 625_000000000000000_BAN_2002  625/BAN/2002113731International Book DistributorsGeneral Book 
Central Library, BUETCirculation section42015-11-15   1Central Library, BUET2015-11-152016-04-13 625_000000000000000_BAN_2002 2016-04-10625/BAN/2002113758 General Book